Statistiques concernant Pays ayant obtenu leur indépendance de la France

Cliquez ici pour prendre le quiz!

Statistiques générales

  • Ce quiz a été pris 11 416 fois
    (11 287 depuis la dernière actualisation)
  • Le résultat moyen est 16 sur 26

Statistiques - réponses

DatePays% Correct
1962Algérie
99%
1956Maroc
94%
1956Tunisie
88%
1960Sénégal
83%
1960Mali
81%
1960République du Congo
76%
1960Côte d'Ivoire
69%
1960Cameroun
68%
1960Niger
67%
1958Guinée
65%
1960Mauritanie
64%
1960Tchad
63%
1960Togo
62%
1960Bénin
58%
1960Gabon
56%
1960Burkina Faso
53%
1953Laos
53%
1953Cambodge
52%
1960Madagascar
50%
1960République Centrafricaine
49%
1804Haïti
47%
1975Comores
39%
1943Liban
39%
1977Djibouti
35%
1814Andorre
32%
1980Vanuatu
16%

Distribution des résultats

Percentile par nombre de réponses

% des personnes avec chaque résultat

Votre développement - résultats

Vous n’avez pas pris ce quiz depuis la dernière actualisation